000 01368cam a22003737a 4500
003 CHAP
005 20250905093920.0
008 980324d1997 mx r 00110 spa d
010 _a75123
011 _a76095
035 _a85672
040 _cCHAP
090 _aTesis
100 1 0 _aSuárez Morales, Nora
_9110713
245 1 0 _aDiagnóstico y perspectivas del sistema agroindustrial leche en los municipios de Tlaxco, Tlax. :
_bChignahuapan y Zacatlán, Pue.
_c/por Nora Suárez Morales y José Parada Lira
260 _aChapingo, Méx. :
_bEl autor,
_c1997.
300 _a105 h.
502 _aTesis (Ing. Agroindustrial) -- UACH. Departamento de Ingeniería Agroindustrial
590 _aALEPH
_b10
_c20130110
_lUCH01
_h1422
590 _aBATCH-UPD
_b10
_c20130110
_lUCH01
_h0219
590 _aBATCH-UPD
_b10
_c20130110
_lUCH01
_h2058
590 _aBATCH-UPD
_b10
_c20130409
_lUCH01
_h2239
590 _aBATCH-UPD
_b10
_c20130914
_lUCH01
_h1635
590 _aCONVERSION
_b10
_c20130109
_lUCH01
_h1341
650 1 4 _aIndustria lechera
_xPuebla.
_957854
650 1 4 _aLeche
_xMercadeo
_zTlaxcala.
_965393
650 1 4 _aLeche
_xPrecios.
_965398
700 1 _aParada Lira, José
_985435
901 _aBK
905 _aAlejandra Carrasco M.
942 _cFOLL
949 _bBC
_cTES
_d33724000636940
_eTS2
_fc.2
_h31458
_i85672
_si
949 _bBC
_cTES
_d856721
_eTS1
_h31457
_i85672
_sb
999 _c75123
_d75123